000 00720cam a2200205 4500500
005 20260111080304.0
041 _afre
042 _adc
100 1 0 _aHerry, Yannick
_eauthor
700 1 0 _aBelfayol, Éric
_eauthor
245 0 0 _aLe comité opérationnel départemental anti-fraude : un outil local efficace contre la fraude aux finances publiques
260 _c2019.
500 _a89
690 _aCODAF
690 _aDNLF
690 _afinances sociales
690 _alutte contre la fraude
786 0 _nGestion & Finances Publiques | 1 | 1 | 2019-01-01 | p. 63-72 | 1969-1009
856 4 1 _uhttps://droit.cairn.info/revue-gestion-et-finances-publiques-2019-1-page-63?lang=fr&redirect-ssocas=7080
999 _c1616126
_d1616126